[Event "World Blitz 2025"]
[Site "Doha QAT"]
[Date "2025.12.29"]
[Round "2.10"]
[White "Niemann, Hans Moke"]
[Black "Peyrer, Konstantin"]
[Result "1-0"]
[WhiteTitle "GM"]
[BlackTitle "IM"]
[WhiteElo "2725"]
[BlackElo "2496"]
[WhiteFideId "2093596"]
[BlackFideId "1640879"]
[EventDate "2025.12.29"]

1. e4 e5 2. Nf3 Nc6 3. Bb5 Nf6 4. O-O Nxe4 5. d4 Nd6 6. Bxc6 dxc6 7. dxe5 Nf5 8.
Qxd8+ Kxd8 9. h3 Bd7 10. Nc3 Kc8 11. g4 Ne7 12. Ng5 Be8 13. f4 h6 14. Nf3 b6 15.
f5 c5 16. Bf4 Bc6 17. Rad1 Kb7 18. Kf2 a5 19. a4 Re8 20. Rfe1 Nc8 21. Nb5 Bxb5
22. axb5 Be7 23. Rd7 Rd8 24. e6 Bd6 25. Rxd8 Rxd8 26. exf7 Rf8 27. Ne5 Bxe5 28.
Rxe5 Rxf7 29. Re6 c4 30. Ke3 Na7 31. Kd4 Nxb5+ 32. Kxc4 Na7 33. Be5 Nc6 34. Bc3
Rd7 35. Rg6 a4 36. Rxg7 Rd1 37. f6 Rf1 38. h4 Rf4+ 39. Kd5 b5 40. g5 hxg5 41.
hxg5 b4 42. Be5 Nxe5 43. Kxe5 a3 44. bxa3 bxa3 45. Rd7 Rf1 46. Rd3 a2 47. Ra3
a1=Q+ 48. Rxa1 Rxa1 49. f7 Rf1 50. g6 Kc6 51. Ke6 1-0

[Event "World Blitz 2025"]
[Site "Doha QAT"]
[Date "2025.12.29"]
[Round "2.11"]
[White "Puranik, Abhimanyu"]
[Black "Artemiev, Vladislav"]
[Result "1/2-1/2"]
[WhiteTitle "GM"]
[BlackTitle "GM"]
[WhiteElo "2622"]
[BlackElo "2641"]
[WhiteFideId "5061245"]
[BlackFideId "24101605"]
[EventDate "2025.12.29"]

1. d4 Nf6 2. Nf3 e6 3. e3 b6 4. Nbd2 Bb7 5. b3 c5 6. Bb2 Nc6 7. Bd3 cxd4 8. exd4
Nb4 9. Be2 Nbd5 10. c4 Nf4 11. O-O Be7 12. Re1 Nxe2+ 13. Qxe2 O-O 14. d5 Re8 15.
dxe6 dxe6 16. Rad1 Qc7 17. Ne5 h6 18. Ndf3 Bb4 19. Rf1 Rad8 20. h3 Ne4 21. Rxd8
Rxd8 22. a3 Bc5 23. Qc2 a5 24. Nd3 Bf8 25. Re1 Nc5 26. Nxc5 Bxc5 27. Qc3 Bf8 28.
Ne5 Qd6 29. Qc2 Qd2 30. Qxd2 Rxd2 31. Bc3 Rc2 32. Ba1 Bxa3 33. Rd1 Bc5 34. Bd4
f6 35. Bxc5 bxc5 36. Rd8+ Kh7 37. Nd7 Kg6 38. Nxc5 a4 39. Nxa4 Be4 40. Nc5 Rc1+
41. Kh2 Bc2 42. b4 Bb1 43. b5 Rxc4 44. Nxe6 Rb4 45. Rd7 f5 46. Nc7 f4 47. Rd6+
Kf7 48. b6 Be4 49. Na6 Rb5 50. Rd7+ Kf6 51. Rd6+ Ke5 52. Rd7 Rxb6 53. Nc5 Bd5
54. Rxg7 Kf6 55. Rg4 Kf5 56. Nd3 f3 57. gxf3 Rb3 58. Rd4 Ba8 59. Kg3 Kf6 60.
Rf4+ Kg7 61. Rd4 Kf6 62. Kf4 Ra3 63. Ne5 Ke6 64. Rb4 Ra6 65. Nc4 Kf7 66. Ne3
Rf6+ 67. Ke5 Rxf3 68. Rf4+ Kg6 69. Rxf3 Bxf3 70. Kf4 Bc6 71. Ke5 Kg5 72. Nf5 Bd7
73. f4+ Kg6 74. Nh4+ Kh5 75. Nf5 Kg6 76. Nh4+ Kh5 77. Nf5 Kg6 78. Nd6 Bxh3 79.
f5+ Bxf5 80. Nxf5 1/2-1/2

[Event "World Blitz 2025"]
[Site "Doha QAT"]
[Date "2025.12.29"]
[Round "2.12"]
[White "Bu, Xiangzhi"]
[Black "Akobian, Varuzhan"]
[Result "1-0"]
[WhiteTitle "GM"]
[BlackTitle "GM"]
[WhiteElo "2665"]
[BlackElo "2549"]
[WhiteFideId "8601445"]
[BlackFideId "13300580"]
[EventDate "2025.12.29"]

1. Nf3 Nf6 2. d4 e6 3. Bf4 b6 4. e3 Bb7 5. Nbd2 Be7 6. Bd3 O-O 7. O-O c5 8. h3
d6 9. Bh2 Nbd7 10. c3 cxd4 11. exd4 a6 12. a4 Re8 13. Re1 h6 14. Qe2 Bf8 15. Ne4
Nxe4 16. Bxe4 Bxe4 17. Qxe4 d5 18. Qd3 Nf6 19. Ne5 Bd6 20. Re3 Qc7 21. Rf3 Re7
22. Re1 Ne4 23. Rfe3 b5 24. axb5 axb5 25. f3 Nf6 26. Qxb5 Rb8 27. Qe2 Nd7 28.
Kh1 Nxe5 29. Bxe5 Bxe5 30. Rxe5 Rd7 31. Qf2 Rb3 32. f4 Qb8 33. R1e2 Rdb7 34. f5
Rxb2 35. fxe6 fxe6 36. Rxe6 Rxe2 37. Rxe2 Rf7 38. Qe1 Rf8 39. Kg1 Qc7 40. Re7
Qf4 41. Re5 Qf7 42. Qe2 Rc8 43. Qe3 Kh7 44. Qd3+ Qg6 45. Qxg6+ Kxg6 46. Re3 Ra8
47. Kf2 Ra2+ 48. Re2 Ra3 49. Rc2 Kf5 50. Ke3 g5 51. Rf2+ Ke6 52. Kd3 Ra1 53. Rb2
Rd1+ 54. Ke2 Rc1 55. Kd3 Rd1+ 56. Rd2 Rc1 57. Re2+ Kd6 58. Kd2 Rg1 59. Kc2 h5
60. Kd2 g4 61. hxg4 hxg4 62. Kd3 g3 63. Ra2 Rd1+ 64. Ke3 Rc1 65. Ra3 Rf1 66.
Ra6+ Kc7 67. Rg6 Rc1 68. Kd2 Rg1 69. Rxg3 Kc6 70. Kd3 Rd1+ 71. Kc2 Rg1 72. Rg5
Kd6 73. Rg6+ Ke7 74. Kb3 Rb1+ 75. Ka4 Rb2 76. g4 Kd7 77. g5 Ke7 78. Rh6 Rg2 79.
Rg6 Rb2 80. Rf6 Rg2 81. Rf5 Ke6 82. Re5+ Kd6 83. Kb3 Rg3 84. Kb4 Rg4 85. Rf5 Ke6
86. Rf6+ Ke7 87. Rg6 Rg3 88. Kc5 Rxc3+ 89. Kxd5 Rg3 90. Re6+ Kf7 91. g6+ 1-0

[Event "World Blitz 2025"]
[Site "Doha QAT"]
[Date "2025.12.29"]
[Round "2.13"]
[White "Makhnev, Denis"]
[Black "Praggnanandhaa, R"]
[Result "1-0"]
[WhiteTitle "GM"]
[BlackTitle "GM"]
[WhiteElo "2532"]
[BlackElo "2761"]
[WhiteFideId "13707647"]
[BlackFideId "25059530"]
[EventDate "2025.12.29"]

1. d4 Nf6 2. c4 e6 3. Nf3 Bb4+ 4. Bd2 Qe7 5. g3 Bxd2+ 6. Qxd2 Nc6 7. Nc3 d5 8.
Bg2 dxc4 9. Ne5 Nxe5 10. dxe5 Nd7 11. Qd4 Nb6 12. O-O-O O-O 13. h4 Bd7 14. h5 h6
15. Bxb7 Rab8 16. Be4 Rfd8 17. Bc2 Bc6 18. Qh4 Qxh4 19. Rxh4 Rxd1+ 20. Bxd1 Rd8
21. e3 Bb7 22. Be2 c5 23. Bxc4 Nd7 24. f4 Nb6 25. Bb3 Rd3 26. Nd1 Bf3 27. Bc2
Rd7 28. Rh2 Bxd1 29. Bxd1 Nc4 30. Re2 Rd3 31. Bc2 Rxe3 32. Rxe3 Nxe3 33. Be4 Nf1
34. g4 Ne3 35. Kd2 Nxg4 36. Ke2 f5 37. Bc6 Kf7 38. Bd7 Ke7 39. Bc8 Kf7 40. a3
Ke7 41. b3 Kf7 42. Bd7 Ke7 43. Bc8 a5 44. a4 Kf7 45. Bd7 Ke7 46. Bc6 Kf8 47. Kd3
Nf2+ 48. Kc4 Nh3 1-0

[Event "World Blitz 2025"]
[Site "Doha QAT"]
[Date "2025.12.29"]
[Round "2.14"]
[White "Giri, Anish"]
[Black "Nesterov, Arseniy"]
[Result "0-1"]
[WhiteTitle "GM"]
[BlackTitle "GM"]
[WhiteElo "2760"]
[BlackElo "2595"]
[WhiteFideId "24116068"]
[BlackFideId "24198455"]
[EventDate "2025.12.29"]

1. c4 e6 2. g3 d5 3. Bg2 Nf6 4. Nf3 d4 5. O-O c5 6. e3 Nc6 7. d3 a5 8. Re1 Bd6
9. exd4 cxd4 10. Bg5 h6 11. Bxf6 Qxf6 12. Nfd2 Qe7 13. Ne4 Bc7 14. c5 O-O 15.
Nbd2 a4 16. Nc4 Bd7 17. a3 Na5 18. Nxa5 Rxa5 19. Rc1 Bc6 20. Rc4 Rd8 21. Qc2 Ra6
22. Nd2 Ba5 23. Bxc6 Rxc6 24. Rc1 Bxd2 25. Qxd2 Rd5 26. Qb4 h5 27. Qxa4 h4 28.
Qc2 h3 29. b4 e5 30. Qe2 Re6 31. Re1 f5 32. Qh5 e4 33. dxe4 Rxe4 34. Rf1 d3 35.
Rxe4 Qxe4 36. b5 Qg2# 0-1

[Event "World Blitz 2025"]
[Site "Doha QAT"]
[Date "2025.12.29"]
[Round "2.15"]
[White "Henriquez Villagra, Cristobal"]
[Black "Martirosyan, Haik M."]
[Result "0-1"]
[WhiteTitle "GM"]
[BlackTitle "GM"]
[WhiteElo "2598"]
[BlackElo "2625"]
[WhiteFideId "3409350"]
[BlackFideId "13306553"]
[EventDate "2025.12.29"]

1. e4 e5 2. d3 Nc6 3. Nf3 g6 4. g3 Bg7 5. Bg2 Nf6 6. O-O O-O 7. c4 d6 8. Nc3 a6
9. h3 Rb8 10. Be3 b5 11. b3 Nd7 12. Rc1 Nd4 13. Ne2 c5 14. Nc3 Nb6 15. cxb5 Nxb5
16. Nd2 Nxc3 17. Rxc3 f5 18. Nc4 f4 19. Bd2 Be6 20. Rc2 Qe7 21. Kh2 Nd7 22. Bf3
Rf7 23. Qe2 Rbf8 24. Rcc1 Nb8 25. Nb6 Nc6 26. Bc3 fxg3+ 27. fxg3 Bh6 28. Rcd1
Nd4 29. Bxd4 cxd4 30. Nd5 Bxd5 31. exd5 Be3 32. Kh1 Qg5 33. Qg2 Kg7 34. b4 Rf5
35. a4 Qd8 36. b5 axb5 37. axb5 R8f7 38. Rb1 Qf8 39. b6 Qb8 40. g4 Rf4 41. g5
Rb7 42. Qc2 Rff7 43. Bg4 Rxf1+ 44. Rxf1 Rxb6 45. Be6 Bf4 46. Qa4 Rb7 47. h4 Bg3
48. Qc6 Bxh4 49. Bc8 Re7 50. Be6 Bxg5 51. Rf2 Bf4 52. Kg2 Qd8 53. Rb2 Rc7 54.
Rb7 Rxb7 55. Qxb7+ Kh6 56. Kf1 Bg5 57. Qb2 Qf8+ 58. Kg2 Be3 59. Qe2 Qf4 60. Bg4
Kg5 61. Bf3 h5 62. Kh1 Qh4+ 63. Kg2 Kf4 64. Be4 Qg3+ 0-1

[Event "World Blitz 2025"]
[Site "Doha QAT"]
[Date "2025.12.29"]
[Round "2.16"]
[White "Indjic, Aleksandar"]
[Black "Paravyan, David"]
[Result "1/2-1/2"]
[WhiteTitle "GM"]
[BlackTitle "GM"]
[WhiteElo "2635"]
[BlackElo "2582"]
[WhiteFideId "911925"]
[BlackFideId "4194985"]
[EventDate "2025.12.29"]

1. Nf3 d5 2. b3 Bf5 3. Bb2 e6 4. g3 Nf6 5. Bg2 h6 6. d3 Bc5 7. O-O O-O 8. a3 a5
9. Nbd2 Bh7 10. c4 c6 11. Qc2 Nbd7 12. Bc3 Re8 13. Qb2 Bd6 14. b4 e5 15. cxd5
Nxd5 16. Nc4 Bc7 17. Bd2 axb4 18. axb4 Rxa1 19. Rxa1 e4 20. dxe4 Bxe4 21. b5
Bxf3 22. Bxf3 Ne5 23. Qb3 Nxf3+ 24. exf3 Nb6 25. Be3 Nxc4 26. Qxc4 Qf6 27. Rc1
Qxf3 28. bxc6 bxc6 29. Qxc6 1/2-1/2

[Event "World Blitz 2025"]
[Site "Doha QAT"]
[Date "2025.12.29"]
[Round "2.17"]
[White "Nogerbek, Kazybek"]
[Black "Grischuk, Alexander"]
[Result "0-1"]
[WhiteTitle "GM"]
[BlackTitle "GM"]
[WhiteElo "2539"]
[BlackElo "2654"]
[WhiteFideId "13710427"]
[BlackFideId "4126025"]
[EventDate "2025.12.29"]

1. e4 c5 2. c3 Nf6 3. e5 Nd5 4. Bc4 e6 5. d4 cxd4 6. cxd4 d6 7. Nf3 Be7 8. O-O
O-O 9. Qe2 Bd7 10. Nc3 Nxc3 11. bxc3 Bc6 12. exd6 Bxd6 13. Ne5 Bxe5 14. dxe5 Nd7
15. Bf4 Qh4 16. Qe3 Nb6 17. Bb3 Nd5 18. Bxd5 Bxd5 19. Rfd1 Rfc8 20. Rd4 Rc4 21.
Rxc4 Bxc4 22. a4 Qh5 23. f3 h6 24. Rd1 Bd5 25. a5 a6 26. Rd4 Rc8 27. Qd3 Qg6 28.
Qxg6 fxg6 29. Bd2 g5 30. Kf2 Rc5 31. c4 Bxc4 32. Bb4 Rc8 33. Be7 Bd5 34. h4 Rc2+
35. Kg3 Kf7 36. Bd8 gxh4+ 37. Rxh4 Bc4 38. Rd4 g5 39. Rd1 Bd5 40. Rh1 Kg6 41.
Bb6 h5 42. Rf1 h4+ 43. Kh3 Kf5 44. Rf2 Rc1 45. Kh2 Re1 46. Bc7 Rc1 47. Bd8 Rc8
48. Be7 Rc7 49. Bd8 Rd7 50. Bf6 Bc6 51. Ra2 Rd3 52. Kg1 h3 53. gxh3 Bxf3 54. Kh2
Bd5 55. Rf2+ Kg6 56. Re2 Bf3 57. Rb2 Be4 58. Re2 Bf5 59. Rb2 Rxh3+ 60. Kg2 Ra3
61. Kf2 Be4 62. Rb4 Rf3+ 63. Ke2 Rf4 64. Ke3 Kf5 65. Rb6 Rf3+ 66. Ke2 g4 67. Rb2
g3 68. Ke1 Ra3 69. Rd2 Ra1+ 70. Ke2 g2 0-1

[Event "World Blitz 2025"]
[Site "Doha QAT"]
[Date "2025.12.29"]
[Round "2.18"]
[White "Gholami Orimi, Mahdi"]
[Black "Lu, Shanglei"]
[Result "0-1"]
[WhiteTitle "GM"]
[BlackTitle "GM"]
[WhiteElo "2515"]
[BlackElo "2643"]
[WhiteFideId "12558486"]
[BlackFideId "8603332"]
[EventDate "2025.12.29"]

1. d4 Nf6 2. c4 e6 3. Nc3 Bb4 4. e3 O-O 5. Bd3 d5 6. cxd5 exd5 7. a3 Bd6 8. Qc2
c6 9. Nge2 Re8 10. Bd2 Bg4 11. f3 Bh5 12. g4 Bg6 13. h4 c5 14. h5 Bxd3 15. Qxd3
cxd4 16. exd4 Nc6 17. g5 Nd7 18. g6 Qf6 19. gxh7+ Kh8 20. Nxd5 Qxd4 21. Qxd4
Nxd4 22. Nc3 Nc2+ 23. Kf2 Nxa1 24. Rxa1 Nf6 25. h6 g6 26. Be3 Kxh7 27. Nb5 Be5
28. Bxa7 Bxb2 29. Ra2 Be5 30. f4 Bb8 31. Bd4 Ra6 32. Kf3 Nd5 33. Rd2 Ra5 34. Rb2
Ra4 35. Rd2 Ra5 36. Rb2 Ne7 37. Ng3 Nc6 38. Ne4 Rxb5 39. Nf6+ Kxh6 40. Rh2+ Rh5
41. Ng4+ Kh7 42. Nf6+ Kh8 43. Nxh5+ Nxd4+ 0-1

[Event "World Blitz 2025"]
[Site "Doha QAT"]
[Date "2025.12.29"]
[Round "2.19"]
[White "Van Foreest, Jorden"]
[Black "Dlugy, Maxim"]
[Result "1-0"]
[WhiteTitle "GM"]
[BlackTitle "GM"]
[WhiteElo "2692"]
[BlackElo "2502"]
[WhiteFideId "1039784"]
[BlackFideId "2000075"]
[EventDate "2025.12.29"]

1. e4 c5 2. Nf3 d6 3. Bc4 e6 4. O-O Nf6 5. Re1 Be7 6. c3 O-O 7. Bb3 b6 8. d4 Bb7
9. Nbd2 Nc6 10. Nf1 Rc8 11. Ng3 Ba6 12. a3 Re8 13. h3 Bf8 14. Bc2 g6 15. Be3 Bg7
16. Ba4 b5 17. Bc2 cxd4 18. cxd4 Na5 19. b3 Bb7 20. Bd3 a6 21. Bd2 Qb6 22. Rb1
Bf8 23. Be3 Qd8 24. Qd2 d5 25. Bg5 Be7 26. e5 Nd7 27. Bxe7 Rxe7 28. Nh2 Nc6 29.
Bf1 f5 30. exf6 Nxf6 31. Nf3 Qd6 32. Ne5 Qxa3 33. Qg5 Rf8 34. Nxc6 Bxc6 35. Re3
Qd6 36. Bd3 Ne4 37. Bxe4 dxe4 38. Nxe4 Bxe4 39. Rxe4 Ref7 40. f3 Rf5 41. Qe3
R5f6 42. Re1 Rd8 43. h4 Qd5 44. Rc1 a5 45. Rc5 Qd7 46. h5 a4 47. bxa4 bxa4 48.
hxg6 Rxg6 49. d5 Qg7 50. g4 exd5 51. Re7 Qa1+ 52. Rc1 Qf6 53. Rcc7 1-0

[Event "World Blitz 2025"]
[Site "Doha QAT"]
[Date "2025.12.29"]
[Round "2.20"]
[White "Salem, A.R. Saleh"]
[Black "Motylev, Alexander"]
[Result "1-0"]
[WhiteTitle "GM"]
[BlackTitle "GM"]
[WhiteElo "2635"]
[BlackElo "2573"]
[WhiteFideId "9301348"]
[BlackFideId "4121830"]
[EventDate "2025.12.29"]

1. d4 d5 2. c4 e6 3. Nc3 Nf6 4. cxd5 exd5 5. Bg5 Be7 6. e3 h6 7. Bh4 O-O 8. Bd3
Re8 9. Nge2 c6 10. O-O a5 11. Rc1 b5 12. a4 b4 13. Nb1 Ba6 14. Bxf6 Bxf6 15. Nf4
Bg5 16. Bxa6 Bxf4 17. Bd3 Bd6 18. Nd2 Qc7 19. g3 Qb6 20. Qg4 Ra7 21. Bf5 Qd8 22.
h4 h5 23. Qd1 g6 24. Bd3 Rae7 25. Qf3 Bc7 26. Nb3 Kg7 27. Rc2 Re6 28. Rfc1 Rf6
29. Qg2 Qd7 30. Nc5 Qg4 31. Be2 Qf5 32. g4 Qc8 33. gxh5 Rh8 34. Bg4 Qd8 35. f4
Kf8 36. Qh3 gxh5 37. Bf5 Qe7 38. Bd3 Rg8+ 39. Rg2 Rxg2+ 40. Kxg2 Bxf4 41. exf4
Rxf4 42. Qc8+ Kg7 43. Rg1 Rg4+ 44. Kf1 Rxg1+ 45. Kxg1 Qe1+ 46. Kg2 Qd2+ 47. Kf3
Qd1+ 48. Kf2 Qd2+ 49. Kf3 Qd1+ 50. Be2 Qh1+ 51. Ke3 Qg1+ 52. Kd3 Qb1+ 53. Ke3
Qc1+ 54. Kf2 Qf4+ 55. Kg2 Qxd4 56. Qxb8 Qxc5 1-0

[Event "World Blitz 2025"]
[Site "Doha QAT"]
[Date "2025.12.29"]
[Round "2.21"]
[White "Yilmaz, Mustafa"]
[Black "Jobava, Baadur"]
[Result "1-0"]
[WhiteTitle "GM"]
[BlackTitle "GM"]
[WhiteElo "2595"]
[BlackElo "2568"]
[WhiteFideId "6302718"]
[BlackFideId "13601520"]
[EventDate "2025.12.29"]

1. d4 d5 2. c4 dxc4 3. e4 Nf6 4. e5 Nd5 5. Bxc4 Bf5 6. Ne2 e6 7. O-O Nb6 8. Bb3
Nc6 9. Nbc3 Be7 10. Be3 Bg6 11. Qc1 O-O 12. Rd1 Nb4 13. Nf4 c6 14. Nxg6 hxg6 15.
Ne4 a5 16. Rd2 a4 17. Bd1 Qd5 18. Nc3 Qd7 19. a3 N4d5 20. Ne4 Nxe3 21. fxe3 Nd5
22. Rc2 f5 23. exf6 gxf6 24. Bf3 f5 25. Nc5 Bxc5 26. Rxc5 Kg7 27. Qd2 Qd6 28.
Re1 Rad8 29. Rcc1 e5 30. dxe5 Qxe5 31. Rc4 Rfe8 32. Rd4 f4 33. Re4 Qf6 34. exf4
Rxe4 35. Rxe4 b5 36. Qd4 Rd6 37. Re5 Nc7 38. Re7+ Kh6 39. Qxf6 1-0

[Event "World Blitz 2025"]
[Site "Doha QAT"]
[Date "2025.12.29"]
[Round "2.22"]
[White "Sadhwani, Raunak"]
[Black "Rakhmanov, Aleksandr"]
[Result "1-0"]
[WhiteTitle "GM"]
[BlackTitle "GM"]
[WhiteElo "2638"]
[BlackElo "2585"]
[WhiteFideId "35093487"]
[BlackFideId "4173708"]
[EventDate "2025.12.29"]

1. e4 c5 2. Nc3 Nc6 3. g3 g6 4. Bg2 Bg7 5. d3 d6 6. f4 e6 7. Nf3 Nge7 8. h4 h5
9. O-O Nd4 10. Ng5 f6 11. Nh3 f5 12. Nb1 O-O 13. c3 Ndc6 14. Ng5 d5 15. exd5
exd5 16. Nd2 Qd6 17. Re1 Bd7 18. Ndf3 Rae8 19. Be3 d4 20. Qb3+ Kh8 21. Bf2 Na5
22. Nf7+ Rxf7 23. Qxf7 dxc3 24. bxc3 b6 25. Ng5 Qf6 26. Qxf6 Bxf6 27. d4 Kg7 28.
Rad1 Ba4 29. Rc1 c4 30. d5 Nc8 31. Rxe8 Bxe8 32. Bd4 Bxd4+ 33. cxd4 Bd7 34. Re1
Nb7 35. d6 Nbxd6 36. Bd5 b5 37. Ne6+ Bxe6 38. Rxe6 b4 39. Kf2 a5 40. Bc6 Kf7 41.
Re5 Ne7 42. Ba4 Ne4+ 43. Ke1 Nc3 44. Rxa5 Ned5 45. Bc6 Ke6 46. Bxd5+ Nxd5 47.
Rc5 c3 48. Ke2 Kd6 49. Kd3 Nf6 50. Rb5 Nd5 51. Ra5 Kc6 52. Rc5+ Kd6 53. Kc4 c2
54. Kb3 Nc3 55. Rxc3 bxc3 56. Kxc2 Kd5 57. Kxc3 1-0

[Event "World Blitz 2025"]
[Site "Doha QAT"]
[Date "2025.12.29"]
[Round "2.23"]
[White "Kozak, Adam"]
[Black "Murzin, Volodar"]
[Result "0-1"]
[WhiteTitle "GM"]
[BlackTitle "GM"]
[WhiteElo "2546"]
[BlackElo "2648"]
[WhiteFideId "753246"]
[BlackFideId "44155573"]
[EventDate "2025.12.29"]

1. Nf3 Nf6 2. b3 d6 3. d4 g6 4. Bb2 Bg7 5. g3 O-O 6. Bg2 c6 7. O-O Bf5 8. c4 Qc8
9. Nc3 Ne4 10. Re1 Nxc3 11. Bxc3 Be4 12. Rc1 Nd7 13. Bf1 Nf6 14. Nd2 Bf5 15. e4
Bg4 16. Qc2 Ne8 17. Bg2 Bh3 18. d5 Bxg2 19. Kxg2 Qd7 20. Nf3 Bxc3 21. Qxc3 Ng7
22. Qd2 Rad8 23. Qh6 f6 24. Qe3 c5 25. Rcd1 Rc8 26. Qd3 Rc7 27. Nd2 Rb8 28. f4
Rf8 29. Nf3 Rcc8 30. e5 Qf5 31. Qxf5 Nxf5 32. g4 Ng7 33. e6 f5 34. Ng5 fxg4 35.
Nf7 Nf5 36. Rd3 Kg7 37. Kf2 h5 38. Rg1 Nh6 39. Nxh6 Kxh6 40. Kg3 Rf5 41. Rf1
Rcf8 42. Re3 Kg7 43. Re4 g5 44. Rf2 Kg6 45. Rf1 gxf4+ 46. Rexf4 Rxf4 47. Rxf4
Rxf4 48. Kxf4 Kf6 49. h4 gxh3 50. Kg3 Kg5 51. Kxh3 h4 52. Kg2 a5 53. a4 Kg4 54.
Kh2 b6 55. Kg2 h3+ 56. Kg1 Kg3 57. Kh1 h2 58. b4 axb4 59. a5 b3 0-1

[Event "World Blitz 2025"]
[Site "Doha QAT"]
[Date "2025.12.29"]
[Round "2.24"]
[White "Bharath, Subramaniyam H"]
[Black "Svane, Rasmus"]
[Result "1-0"]
[WhiteTitle "GM"]
[BlackTitle "GM"]
[WhiteElo "2576"]
[BlackElo "2608"]
[WhiteFideId "46634827"]
[BlackFideId "4657101"]
[EventDate "2025.12.29"]

1. e4 c6 2. d4 d5 3. e5 Bf5 4. g4 Be4 5. f3 Bg6 6. e6 Qd6 7. exf7+ Bxf7 8. Nc3
Nf6 9. f4 g6 10. Bh3 Bg7 11. Nf3 O-O 12. Be3 Nbd7 13. Ne5 Ne8 14. Qd2 Nxe5 15.
dxe5 Qb4 16. a3 Qa5 17. O-O Rd8 18. b4 Qc7 19. Ne2 b6 20. Qc3 g5 21. Rae1 gxf4
22. Bxf4 Bg6 23. Nd4 Qd7 24. g5 Qb7 25. Qxc6 Rb8 26. Qxb7 Rxb7 27. Ne6 Nc7 28.
Nxf8 Bxf8 29. Bd7 Be4 30. e6 b5 31. Be5 Na8 32. Rf7 Nb6 33. Ref1 Nxd7 34. exd7 1-0

[Event "World Blitz 2025"]
[Site "Doha QAT"]
[Date "2025.12.29"]
[Round "2.25"]
[White "Robson, Ray"]
[Black "Alexakis, Dimitris"]
[Result "0-1"]
[WhiteTitle "GM"]
[BlackTitle "GM"]
[WhiteElo "2650"]
[BlackElo "2544"]
[WhiteFideId "2023970"]
[BlackFideId "4277023"]
[EventDate "2025.12.29"]

1. d4 Nf6 2. c4 e6 3. Nc3 Bb4 4. e3 b6 5. Bd3 Bb7 6. Ne2 O-O 7. a3 Bxc3+ 8. Nxc3
d5 9. O-O Nbd7 10. b4 dxc4 11. Bxc4 Nd5 12. Ne2 f5 13. f3 Kh8 14. Qd3 Qe7 15.
Bd2 Rad8 16. Rae1 c5 17. e4 fxe4 18. fxe4 N5f6 19. Nf4 cxd4 20. Qh3 Ne5 21. Bxe6
Nxe4 22. Rxe4 Bxe4 23. Re1 Qb7 24. Qh5 Ng6 25. Nh3 Rf6 26. Ng5 h6 27. Rxe4 Qc6
28. Re1 Rdf8 29. Bh3 Qc2 30. Ne4 Nf4 31. Bxf4 Rxf4 32. Qe5 0-1

[Event "World Blitz 2025"]
[Site "Doha QAT"]
[Date "2025.12.29"]
[Round "2.26"]
[White "Jumabayev, Rinat"]
[Black "Sindarov, Javokhir"]
[Result "0-1"]
[WhiteTitle "GM"]
[BlackTitle "GM"]
[WhiteElo "2560"]
[BlackElo "2726"]
[WhiteFideId "13702661"]
[BlackFideId "14205483"]
[EventDate "2025.12.29"]

1. e4 e5 2. Nf3 Nc6 3. Bb5 a6 4. Ba4 d6 5. O-O Bd7 6. c3 g6 7. Re1 Bg7 8. d4 Nf6
9. Nbd2 O-O 10. h3 exd4 11. cxd4 Nb4 12. Bxd7 Qxd7 13. Qb3 a5 14. a3 Nc6 15. d5
Nb8 16. Qxb7 Na6 17. e5 dxe5 18. Nxe5 Qxd5 19. Qxd5 Nxd5 20. Ndc4 Nc5 21. Bd2
Nb3 22. Rad1 Nxd2 23. Rxd2 Nb6 24. Rc2 Rfe8 25. Ree2 Rad8 26. g3 Re6 27. Kf1 a4
28. h4 h5 29. Re3 Bf6 30. Kg2 Kg7 31. Kf1 Rd5 32. Nxb6 cxb6 33. Nc4 Rc6 34. Rd2
Rxd2 35. Nxd2 Bxb2 36. Ke2 b5 37. Ne4 b4 38. axb4 a3 39. b5 Rc8 40. Nd6 a2 41.
Nxc8 a1=Q 42. Nd6 Bd4 43. Rd3 Qb2+ 44. Rd2 Qb4 45. Ne4 Qxb5+ 46. Rd3 Bb6 47. f3
Qb2+ 48. Rd2 Qe5 49. Kf1 Qa1+ 50. Ke2 Qg1 51. Rd6 Qe3+ 0-1

[Event "World Blitz 2025"]
[Site "Doha QAT"]
[Date "2025.12.29"]
[Round "2.27"]
[White "Harikrishna, Pentala"]
[Black "Kosakowski, Jakub"]
[Result "1-0"]
[WhiteTitle "GM"]
[BlackTitle "GM"]
[WhiteElo "2693"]
[BlackElo "2549"]
[WhiteFideId "5007003"]
[BlackFideId "1185080"]
[EventDate "2025.12.29"]

1. e4 c5 2. Nf3 d6 3. Nc3 Nf6 4. Be2 e5 5. Bc4 Be7 6. d3 Nc6 7. Bg5 Be6 8. Bxf6
Bxf6 9. Nd5 O-O 10. c3 g6 11. h4 h5 12. Nxf6+ Qxf6 13. Ng5 Rad8 14. Bxe6 fxe6
15. O-O d5 16. Qe2 Rd7 17. Rad1 b5 18. g3 Qe7 19. f4 exf4 20. gxf4 b4 21. Qg2
bxc3 22. bxc3 Qf6 23. Rde1 Re7 24. exd5 exd5 25. Qxd5+ Kh8 26. Rxe7 Nxe7 27.
Qxc5 Nf5 28. Qe5 Nxh4 29. d4 Nf5 30. Ne4 Qg7 31. d5 Rc8 32. d6 Rd8 33. Rd1 Kg8
34. Qxg7+ Kxg7 35. Rd3 h4 36. c4 Kf7 37. c5 Ke6 38. c6 Nxd6 39. c7 Rc8 40. Nxd6
Rxc7 41. Nb5 Rc1+ 42. Kg2 Rc2+ 43. Kh3 Rxa2 44. Kxh4 Kf5 45. Kg3 a5 46. Rd5+ Ke6
47. Re5+ Kf6 48. Nc3 Ra3 49. Rc5 a4 50. Kg4 Ra1 51. Rc6+ Kf7 52. Ra6 a3 53. Kf3
Kg7 54. Kg2 Kh6 55. Ra5 Rc1 56. Rxa3 g5 57. f5 g4 58. Ne4 Kh5 59. Ra8 g3 60.
Kxg3 Rg1+ 61. Kf4 1-0

[Event "World Blitz 2025"]
[Site "Doha QAT"]
[Date "2025.12.29"]
[Round "2.28"]
[White "Oro, Faustino"]
[Black "Ivanchuk, Vasyl"]
[Result "1/2-1/2"]
[WhiteTitle "IM"]
[BlackTitle "GM"]
[WhiteElo "2503"]
[BlackElo "2607"]
[WhiteFideId "20000197"]
[BlackFideId "14100010"]
[EventDate "2025.12.29"]

1. e4 d5 2. exd5 Qxd5 3. Nc3 Qa5 4. d4 Nf6 5. Nf3 c6 6. Bd2 Bf5 7. Bc4 e6 8. Qe2
Bb4 9. a3 Nbd7 10. O-O Bxc3 11. Bxc3 Qc7 12. Rfe1 O-O 13. Bd3 Bg4 14. h3 Bh5 15.
Bd2 Rfe8 16. Qe3 Nd5 17. Qe4 Bg6 18. Qe2 Bxd3 19. Qxd3 e5 20. c4 N5f6 21. dxe5
Nxe5 22. Nxe5 Rxe5 23. Bc3 Ree8 24. Bxf6 gxf6 25. Qf5 Kg7 26. Qg4+ Kf8 27. Qd4
Kg7 28. Rxe8 Rxe8 29. Qxa7 Re2 30. Qd4 Qe5 31. Qg4+ Kh6 32. Qh4+ Kg7 33. Rb1
Rxb2 34. Qg4+ Kh6 35. Qh4+ Kg7 36. Rxb2 Qxb2 37. Qg3+ Kh6 38. Qf4+ Kg7 39. Qe3
Qe5 40. Qf3 Qd4 41. Qg3+ Kh6 42. Qb3 b6 43. a4 f5 44. Qf3 Qxc4 45. Qxf5 Kg7 46.
Qg5+ Kf8 47. Qd8+ Kg7 48. Qg5+ Kf8 49. Qd8+ Kg7 1/2-1/2

[Event "World Blitz 2025"]
[Site "Doha QAT"]
[Date "2025.12.29"]
[Round "2.29"]
[White "Iturrizaga Bonelli, Eduardo"]
[Black "Madaminov, Mukhiddin"]
[Result "1-0"]
[WhiteTitle "GM"]
[BlackTitle "GM"]
[WhiteElo "2592"]
[BlackElo "2552"]
[WhiteFideId "3901211"]
[BlackFideId "14210703"]
[EventDate "2025.12.29"]

1. c4 e6 2. g3 d5 3. Bg2 Nf6 4. Nf3 Be7 5. O-O O-O 6. b3 c5 7. cxd5 Nxd5 8. Bb2
Nc6 9. d4 cxd4 10. Nxd4 Nxd4 11. Bxd4 b6 12. Nc3 Bb7 13. Nxd5 Bxd5 14. Bb2 Bxg2
15. Kxg2 Qc8 16. Qd3 Rd8 17. Qe4 Rb8 18. Rac1 Qb7 19. Qxb7 Rxb7 20. Rfd1 Rxd1
21. Rxd1 Rc7 22. Be5 Rc2 23. Rd7 f6 24. Rxe7 fxe5 25. Rxa7 Rxe2 26. Kf3 Rb2 27.
Ke3 Kf8 28. h4 h5 29. Ra6 Kf7 30. Kf3 Kf6 31. Ke3 g6 32. Rxb6 Rxa2 33. Rb8 Rb2
34. Rf8+ Ke7 35. Rb8 Kf7 36. Rb5 Kf6 37. Rb8 Rb1 38. b4 Rb2 39. b5 Rb3+ 40. Ke4
Rb4+ 41. Ke3 e4 42. b6 Kf7 43. b7 Kg7 44. Kf4 Kh7 45. Ke5 Kg7 46. Kxe6 Rb5 47.
Kd6 Rb1 48. Re8 Rxb7 1-0